| 000 | 00634nam a2200205 a 4500 | ||
|---|---|---|---|
| 005 | 20250814063857.0 | ||
| 008 | 040511s2002 mx r 000 0 spa d | ||
| 020 | _a0201760312 | ||
| 035 | _aUPN01000133762 | ||
| 049 | _aCG | ||
| 050 | 4 |
_aQA76.64 _bB8.5 2002 |
|
| 100 | 1 | _aBudd, Timothy A. | |
| 245 | 1 | 3 |
_aAn introduction to object-oriented programming / _cTimothy A. Budd. |
| 250 | _a3a ed. | ||
| 260 |
_aBoston, E.U.A. : _bAddison-Wesley, _c2002. |
||
| 300 | _a611 p. | ||
| 650 | 4 | _aPROGRAMACION ORIENTADA A OBJETOS (COMPUTACION) | |
| 650 | 2 |
_aLenguajes de programación (Computadoras electrónicas) _927532 |
|
| 905 | _aLibro | ||
| 999 |
_c105913 _d105913 |
||